01371nam a2200337 a 4500001001200000003000800012006001900020007001500039008004100054010001700095020001500112020001800127020002700145040002100172035002000193050002400213100002100237245013100258250002100389260004400410300002400454504005100478505011400529533015200643650002300795650002400818655002900842710001700871856012600888999001901014ebr10490804CaPaEBRm u cr cn|||||||||110914s2001 enkad sb 001 0 eng d z 98046502  z1857882210 z9781857882216 z9781857884777 (e-book) aCaPaEBRcCaPaEBR a(OCoLC)5635041814aHD58.7b.M37 2001eb1 aMarx, Elisabeth.10aBreaking through culture shockh[electronic resource] :bwhat you need to succeed in international business /cElisabeth Marx. aUpdated pbk. ed. aLondon :bNicholas Brealey Pub.,c2001. axvi, 241 p. :bill. aIncludes bibliographical references and index.0 apt. 1. Experiencing culture shock : learning to adapt -- pt. 2. Conquering culture shock : achieving success. aElectronic reproduction.bPalo Alto, Calif. :cebrary,d2011.nAvailable via World Wide Web.nAccess may be limited to ebrary affiliated libraries. 0aCorporate culture. 0aBusiness etiquette. 7aElectronic books.2local2 aebrary, Inc.40uhttp://site.ebrary.com/lib/rucke/Doc?id=10490804zAn electronic book accessible through the World Wide Web; click to view c126755d126755